Wards of Kobe City - Statistics

General Stats
  • This quiz has been taken 41 times
  • The average score is 8 of 9
Answers on the Map
Answers color-coded by a green-red scale on the quiz's map according to % correct below.
 
Answer Stats
Answer % Correct
Kita 北
100%
Chuo 中央
96%
Nishi 西
96%
Higashinada 東灘
83%
Hyogo 兵庫
83%
Nada 灘
83%
Tarumi 垂水
83%
Suma 須磨
78%
Nagata 長田
70%
No matching quizzes found
Score Distribution
Percent of People with Each Score
Percentile by Number Answered
Your Score History
You have not taken this quiz